| 000 | 00000nam##2200000za#4500 |
| 001 | 9.559097 |
| 003 | CaOODSP |
| 005 | 20241203113633 |
| 007 | cr ||||||||||| |
| 008 | 150406|2004||||xxc|||||o f|0| 0 eng|d |
| 020 | |a0-662-37951-9 |
| 040 | |aCaOODSP|beng |
| 043 | |an-cn--- |
| 086 | 1 |aEn49-17/544E-PDF |
| 110 | 1 |aCanada. |bEnvironment Canada. |
| 245 | 10|aFinding common ground : |h[electronic resource]|ban international strategy for Canada's New Substances Program (chemicals and polymers) |
| 260 | |aOttawa - Ontario : |bEnvironment Canada |cAugust 2004. |
| 300 | |a17p.|bfig. |
| 490 | 1 |aEnvironmental Protection series. [Multistakeholder consultations]|vEPS M-544 |
| 500 | |a"Pursuant to the New Substances Notification Regulations of the Canadian Environmental Protect Act, 1999"--Cover. The catalogue number (En49-17/544) for the bilingual print edition has been incorrectly copied in this electronic publication. Incorrect ISBN (0-662-68366-7) copied in this electronic publication. |
| 590 | |a14-08-Supp|b2014-04-10 |
| 690 | 07|aEnvironmental protection|2gcpds |
| 690 | 07|aToxic substances|2gcpds |
| 775 | 08|tÀ la recherche d'un terrain d'entente : |w(CaOODSP)9.591906 |
| 830 | #0|aEnvironmental Protection series. [Multistakeholder consultations]|vEPS M-544|w(CaOODSP)9.504787 |
| 856 | 40|ahttp://publications.gc.ca|qPDF|s383 KB|uhttps://publications.gc.ca/collections/collection_2014/ec/En49-17-544-eng.pdf|yEPS M-544 |